| LEADER |
00709nam0a2200181 450 |
| 001 |
16830588 |
| 010 |
|
|
|a 978-2-215-15531-7
|b cart.
|d 12,5
|
| 100 |
|
|
|a 20160509d2016 u u0frey01 ba
|
| 101 |
0 |
|
|a fre
|
| 102 |
|
|
|a FR
|
| 200 |
0 |
|
|a robots (Les)
|f Pierre Kohler
|
| 207 |
|
1 |
|a
|
| 215 |
|
|
|a 48 p.
|c illustrations en couleur
|d 24 cm
|e 1 DVD
|
| 330 |
|
|
|a Des automates aux androïdes, les progrès de la robotique sont retracés et ses applications dans les divers domaines sont détaillées. Electre 2016
|
| 700 |
|
0 |
|a Kohler
|b Pierre
|f 1945-....
|4 70
|
| 900 |
|
|
|a Documentaire jeunesse
|
| 901 |
|
|
|a Accessible au prêt
|
| 995 |
|
|
|a BD 13
|b 156
|c Bibliothèque
|f 00156008942765
|h 00156008942765
|k E 629.8 KOH
|o p
|q j
|r az
|e BD 13
|